NASCAR legends : (Record no. 609)

MARC details
000 -LEADER
fixed length control field 01070cam a2200265 a 4500
005 - DATE AND TIME OF LATEST TRANSACTION
control field 20260322212027.0
008 - FIXED-LENGTH DATA ELEMENTS--GENERAL INFORMATION
fixed length control field data
010 ## - LIBRARY OF CONGRESS CONTROL NUMBER
LC control number 2010052007
020 ## - INTERNATIONAL STANDARD BOOK NUMBER
International Standard Book Number 9781590201848 (hbk.)
020 ## - INTERNATIONAL STANDARD BOOK NUMBER
International Standard Book Number 1590201841 (hbk.)
040 ## - CATALOGING SOURCE
Original cataloging agency DLC
Transcribing agency DLC
Modifying agency DLC
-- BTCTA
-- YDXCP
-- GK8
-- LF3
-- VP@
-- DLC
050 00 - LIBRARY OF CONGRESS CALL NUMBER
Classification number GV1029.9.S74
Item number E34 2011
082 00 - DEWEY DECIMAL CLASSIFICATION NUMBER
Classification number B
-- B
Edition information 22
092 ## - LOCALLY ASSIGNED DEWEY CALL NUMBER (OCLC)
Classification number 796.72 E34 2011
001 - CONTROL NUMBER
control field data
100 1# - MAIN ENTRY--PERSONAL NAME
Personal name Edelstein, Robert,
Dates associated with a name 1960-
245 10 - TITLE STATEMENT
Title NASCAR legends :
Remainder of title memorable men, moments, and machines in racing history /
Statement of responsibility, etc. Robert Edelstein.
260 ## - PUBLICATION, DISTRIBUTION, ETC.
Place of publication, distribution, etc. New York :
Name of publisher, distributor, etc. Overlook Press,
Date of publication, distribution, etc. 2011.
300 ## - PHYSICAL DESCRIPTION
Extent 316 p. :
Other physical details ill. ;
Dimensions 24 cm.
504 ## - BIBLIOGRAPHY, ETC. NOTE
Bibliography, etc. note Includes bibliographical references (p. [304]-[308]) and index.
505 0# - FORMATTED CONTENTS NOTE
Formatted contents note The first of its kind -- Feats of clay -- The sky was the limit -- The evolution will be televised -- It's just Bristol -- Man to man -- Father's Day -- His greatest move -- Adam's way -- Pair of aces - Allison reclaimed.
610 20 - SUBJECT ADDED ENTRY--CORPORATE NAME
Corporate name or jurisdiction name as entry element NASCAR (Association)
General subdivision History.
650 #0 - SUBJECT ADDED ENTRY--TOPICAL TERM
Topical term or geographic name entry element Stock car racing
General subdivision History.
650 #0 - SUBJECT ADDED ENTRY--TOPICAL TERM
Topical term or geographic name entry element Stock car drivers
General subdivision History.
Holdings
Withdrawn status Lost status Damaged status Not for loan Home library Current library Shelving location Date acquired Total checkouts Full call number Barcode Date last seen Price effective from Koha item type
        Centerville Centerville General stacks 22/03/2026   796.72092/2 B 22 BC0010625 22/03/2026 22/03/2026 Books